000 00593nam a2200241Ia 4500
003 OSt
005 20220918202648.0
006 a|||||r|||| 00| 0
007 ta
008 220917b |||||||| |||| 00| 0 eng d
024 _a102,908
037 _cTextual
040 _aARTS
_cARTS
_beng
041 _2eng
_aeng
082 _aV254:1:D, K4.1
100 _aSahu Nabin Kumar Ed.
_9104818
245 0 _aHistory of Orissa
260 _c1964
490 _vVol. 1
650 _aHISTORY
942 _hV254:1:D, K4.1
_cTEXL
_2CC
999 _c226353
_d226353